Normal view
MARC view
- Niños y filosofía
Entry Materia
001 - NÚMERO DE CONTROL DEL REGISTRO
- campo de control: 7350
003 - IDENTIFICADOR DE NUMERO DE CONTROL
- campo de control: MX-MxUPN
005 - FECHA Y HORA DE LA ÚLTIMA TRANSACCIÓN
- campo de control: 20230925124250.0
008 - DATOS DE LONGITUD FIJA
- campo de control de longitud fija: 230925 n annnnbabn n ana |d
035 ## - NÚMERO DE CONTROL DEL SISTEMA
- Número de control del sistema: UPN10000007354
040 ## - FUENTE DE LA CATALOGACIÓN
- Lengua de catalogación: spa
- Centro catalogador de origen: MX-MxUPN
053 #4 - NÚMERO CLASIFICADOR - BIBLIOTECA DEL CONGRESO (LC)
- Elemento numérico de la clasificación - Número único o no. inicial del rango: B105 C45
150 ## - ENCABEZAMIENTO - TEMÁTICO
- Término de materia o nombre geográfico como elemento inicial: Niños y filosofía
670 ## - FUENTE EN LA QUE SE LOCALIZARON DATOS
- Cita de la fuente: LC Subject headings, 25 septiembre 2023:
- Información localizada: C305 (Children and philosophy)
- Identificador Uniforme del Recurso: https://www.loc.gov/aba/publications/FreeLCSH/C.pdf
902 ## - CATALOGADOR
- Catalogador: MEEG101201
- Catalogador: VíctorGodínez/250923
